Statistics for Most Dangerous Cities in the World

Click here to take the quiz!

General Stats

  • This quiz has been taken 117 times
  • The average score is 6 of 20

Answer Stats

PlaceMurder rate/100,000 InhabitantsCountryCity% Correct
19.52.82VenezuelaCaracas
84%
2.105.15MexicoTijuana
83%
17.54.46JamaicaKingston
77%
10.64South AfricaCape Town
72%
7.87.83United StatesSt. Louis
58%
3.103.61MexicoCiudad Juárez
53%
16.56.45United StatesBaltimore
47%
18.54.13MexicoAcapulco
37%
12.62.28BrazilFortaleza
31%
14.62.1VenezuelaCiudad Guyana
9%
4.101.13MexicoCiudad Obregón
8%
20.52.47BrazilVitória da Conquista
6%
1.109.39MexicoCelaya
5%
6.90.58MexicoEnsenada
4%
5.94.99MexicoIrapuato
3%
8.72.59MexicoUruapan
3%
15.59.22MexicoZacatecas
3%
9.67.46BrazilFeira De Santana
2%
11.62.42VenezuelaCumana
1%
13.62.21BrazilMossoró
1%

Score Distribution

Percentile by Number Answered

Percent of People with Each Score

Your Score History

You have not taken this quiz